| 000 | 00958nam a2200277Ia 4500 | ||
|---|---|---|---|
| 008 | 191130s2009##################000#0#eng## | ||
| 020 | _a9781416548829 | ||
| 022 | _a2008045430 | ||
| 040 |
_aACL _cACL |
||
| 082 | _a323.0922 FAR | ||
| 100 | _aFarris, Christine King | ||
| 245 |
_aThrough it all : reflections on my life, my family, and my faith _cChristine King Farris |
||
| 250 | _a1st Atria Books hardcover ed | ||
| 260 |
_aNew York _bAtria Books _cc2009 |
||
| 300 | _axiii, 257 p. : ill. ; 24 cm | ||
| 500 | _aIncludes index | ||
| 650 | _aAfrican American women - Georgia - Atlanta - Biography | ||
| 650 | _aAfrican American women educators - Georgia - Atlanta - Biography | ||
| 650 | _aCivil rights movements - United States - History | ||
| 650 | _aFarris, Christine King | ||
| 650 | _aKing family | ||
| 650 | _aKing, Martin Luther, Jr., 1929-1968 | ||
| 990 | _a38cabb79ac10000c2fba0df1741cb592 | ||
| 991 | _a155022 | ||
| 999 |
_c78933 _d78933 |
||